[Event "Sparkassen-Open A"]
[Site "Heusenstamm, Martinsee"]
[Date "2016.11.27"]
[Round "7.11"]
[White "Keller, Peter"]
[Black "Zeller, Frank"]
[Result "1-0"]
[WhiteElo "2269"]
[BlackElo "2402"]
[PlyCount "107"]
[EventDate "2016.??.??"]
[WhiteTeam "Frankfurter TV"]
[BlackTeam "SK Schwäbisch Hall"]

1. e4 e5 2. Nf3 Nc6 3. Bb5 a6 4. Ba4 d6 5. O-O Bg4 6. c3 Qf6 7. d3 Nge7 8. h3
Bxf3 9. Qxf3 Qxf3 10. gxf3 O-O-O 11. f4 exf4 12. Bxf4 g5 13. Be3 f5 14. exf5
Nxf5 15. Nd2 d5 16. Nf3 Rg8 17. Kh1 g4 18. hxg4 Rxg4 19. Bxc6 bxc6 20. Rg1 h5
21. Rxg4 hxg4 22. Ne5 g3 23. Nxc6 Re8 24. Re1 Bh6 25. Kg2 Bf4 26. Kf3 Nh4+ 27.
Kg4 g2 28. Kxf4 Rf8+ 29. Kg3 Nf3 30. Rd1 g1=Q+ 31. Rxg1 Nxg1 32. Ne7+ Kd7 33.
Nxd5 Rg8+ 34. Kf4 Rf8+ 35. Ke4 Ne2 36. d4 c6 37. Nb6+ Ke6 38. Nc4 Rb8 39. Kd3
Ng1 40. b3 Nf3 41. Ke4 Nh4 42. Ne5 Kd6 43. Bg5 Ng2 44. f4 Rg8 45. Kf3 Ne1+ 46.
Ke2 Nc2 47. Nc4+ Kd5 48. Kd2 Na1 49. Kc1 Rh8 50. Kb2 Rh1 51. f5 Rg1 52. Be7 Re1
53. f6 Ke6 54. Ne5 1-0

[Event "Sparkassen-Open A"]
[Site "Heusenstamm, Martinsee"]
[Date "2016.11.27"]
[Round "7.12"]
[White "Muckle, Julius"]
[Black "Barski, Radoslaw"]
[Result "0-1"]
[WhiteElo "2178"]
[BlackElo "2387"]
[PlyCount "146"]
[EventDate "2016.??.??"]
[WhiteTeam "SK Ludwigshafen"]
[BlackTeam "SC Heusenstamm"]

1. d4 Nf6 2. c4 e6 3. Nc3 Bb4 4. e3 O-O 5. Bd3 d5 6. Nge2 b6 7. O-O Bb7 8. cxd5
exd5 9. Qc2 Re8 10. Ng3 a6 11. a3 Bd6 12. Nf5 Bf8 13. b4 g6 14. Ng3 Nbd7 15.
Bb2 Bd6 16. Rae1 Qe7 17. e4 Bxg3 18. hxg3 dxe4 19. Qb1 Qd6 20. Nxe4 Nxe4 21.
Bxe4 Bxe4 22. Rxe4 Qd5 23. Rfe1 Rxe4 24. Qxe4 Qxe4 25. Rxe4 Nf6 26. Re7 Nd5 27.
Rd7 c6 28. Bc1 Kg7 29. Bf4 Kf8 30. Rb7 a5 31. Bc7 axb4 32. axb4 Ra1+ 33. Kh2 b5
34. Bd6+ Ke8 35. Bc5 Ra2 36. f4 h5 37. Bd6 Rd2 38. Bc5 Rd1 39. g4 hxg4 40. Kg3
Rd2 41. Kxg4 Rxg2+ 42. Kf3 Rg1 43. Bd6 Rd1 44. Ke4 f5+ 45. Kf3 Rd3+ 46. Kf2
Rxd4 47. Kg3 g5 48. fxg5 Rg4+ 49. Kf3 Rxg5 50. Bc5 Rg4 51. Rb8+ Kd7 52. Rf8
Nxb4 53. Rxf5 Rc4 54. Bf2 Nd5 55. Rf7+ Ke6 56. Rb7 b4 57. Be1 c5 58. Ke2 Kd6
59. Bd2 Kc6 60. Rb8 Nb6 61. Kd3 Rd4+ 62. Ke2 Rd7 63. Be3 b3 64. Rh8 b2 65. Rh1
Nc4 66. Rb1 Rb7 67. Bc1 bxc1=Q 68. Rxc1 Nd6 69. Kd3 Rb3+ 70. Kc2 Rh3 71. Rg1
Nb5 72. Rg5 Nd4+ 73. Kb2 Kb5 0-1

[Event "Sparkassen-Open A"]
[Site "Heusenstamm, Martinsee"]
[Date "2016.11.27"]
[Round "7.13"]
[White "Carlstedt, Jonathan"]
[Black "Budzyn, Matthias"]
[Result "1/2-1/2"]
[WhiteElo "2438"]
[BlackElo "2166"]
[PlyCount "160"]
[EventDate "2016.??.??"]
[WhiteTeam "Hamburger SK"]
[BlackTeam "SG Turm Kiel"]

1. e4 e5 2. Nf3 Nc6 3. Bb5 a6 4. Ba4 Nf6 5. O-O Be7 6. Re1 b5 7. Bb3 d6 8. c3
O-O 9. h3 Na5 10. Bc2 c5 11. d4 Qc7 12. Nbd2 Bd7 13. Nf1 Nc4 14. b3 Nb6 15. Ne3
c4 16. Ba3 Rfe8 17. Rc1 Bf8 18. Nh4 g6 19. Qf3 Bg7 20. Red1 d5 21. dxe5 dxe4
22. Bd6 Qb7 23. Qf4 Nh5 24. Bxe4 Nxf4 25. Bxb7 Ne2+ 26. Kf1 Nxc1 27. Bxa8 Nxa2
28. Bb7 cxb3 29. Rb1 Nc4 30. Nf3 Nxe3+ 31. fxe3 Be6 32. Rb2 Nxc3 33. Nd2 Nd1
34. Rb1 Nxe3+ 35. Kf2 Nc4 36. Nxb3 Nxe5 37. Bxa6 Bc4 38. Nd2 Bd3 39. Rb3 Bc4
40. Rb1 Rd8 41. Nxc4 Nxc4 42. Bf4 Be5 43. Bxe5 Nxe5 44. Bxb5 Rb8 45. Ke2 Nc6
46. Bd3 Rxb1 47. Bxb1 Kg7 48. Ke3 Kf6 49. Kf4 h6 50. h4 Nb4 51. Be4 Na6 52. Bd5
Nc5 53. Bc4 Nd7 54. Ba2 Ne5 55. Ke4 h5 56. Bb3 Ng4 57. Kf4 Nh6 58. Bc2 Ng8 59.
Be4 Ne7 60. Bc2 Nd5+ 61. Ke4 Nc7 62. Bb1 Ne6 63. Bc2 g5 64. hxg5+ Kxg5 65. Ke3
h4 66. Bd1 Ng7 67. Kf3 Nf5 68. Ba4 Nd4+ 69. Ke4 Ne6 70. Kf3 f5 71. Bd1 f4 72.
Ke4 Ng7 73. Ke5 Nf5 74. Bf3 Ne3 75. Ke4 Nxg2 76. Bxg2 Kg4 77. Bf3+ Kg3 78. Bh1
h3 79. Bf3 h2 80. Bh1 Kg4 1/2-1/2

[Event "Sparkassen-Open A"]
[Site "Heusenstamm, Martinsee"]
[Date "2016.11.27"]
[Round "7.14"]
[White "Hilzinger, Markus"]
[Black "Keymer, Vincent"]
[Result "0-1"]
[WhiteElo "2133"]
[BlackElo "2419"]
[PlyCount "80"]
[EventDate "2016.??.??"]
[WhiteTeam "SC Pforzheim"]
[BlackTeam "SK Gau-Algesheim"]

1. c4 c6 2. Nf3 d5 3. cxd5 cxd5 4. d4 Nc6 5. Nc3 Nf6 6. g3 a6 7. Bg2 Bf5 8. O-O
e6 9. h3 h6 10. Bf4 Be7 11. Ne5 Rc8 12. Rc1 O-O 13. Na4 Nxe5 14. Bxe5 Nd7 15.
Bf4 b5 16. Nc3 Nb6 17. g4 Bg6 18. f3 Bf6 19. e3 Nc4 20. Qe2 Qd7 21. b3 Nb6 22.
Qb2 Be7 23. Ne2 Bd3 24. Kf2 b4 25. Rfd1 Bb5 26. Bg3 a5 27. Nf4 a4 28. Bf1 Bxf1
29. Rxf1 Qa7 30. Nd3 Qa6 31. Ke2 Qb5 32. Qd2 axb3 33. axb3 Rc3 34. Rxc3 bxc3
35. Qxc3 Rc8 36. Qb2 Ba3 37. Qb1 Rc3 38. b4 Na4 39. Rd1 Qc4 40. Rd2 Rc1 0-1

[Event "Sparkassen-Open A"]
[Site "Heusenstamm, Martinsee"]
[Date "2016.11.27"]
[Round "7.15"]
[White "Engel, Berthold"]
[Black "Margolin, Boris"]
[Result "1-0"]
[WhiteElo "2153"]
[BlackElo "2391"]
[PlyCount "131"]
[EventDate "2016.??.??"]
[WhiteTeam "BG Buchen"]
[BlackTeam "SV Oberursel"]

1. e4 c5 2. Nf3 Nc6 3. Bb5 d6 4. Bxc6+ bxc6 5. O-O Bg4 6. h3 Bh5 7. Re1 e5 8.
d3 f6 9. Nbd2 Bf7 10. b3 Ne7 11. Nf1 g6 12. Ng3 Bg7 13. Bb2 O-O 14. c3 Qb6 15.
Rb1 Qa6 16. Ra1 Rfd8 17. Qc2 Rab8 18. Ne2 d5 19. c4 d4 20. Bc1 Nc8 21. Ng3 Nd6
22. Bd2 Be6 23. Re2 Qb6 24. Rb1 a5 25. Ree1 Rd7 26. Kh2 Nf7 27. Nh4 Ra7 28. f4
exf4 29. Bxf4 Rf8 30. Nf3 Re7 31. Nf1 Bh6 32. Bxh6 Nxh6 33. Qf2 Nf7 34. Qg3 Qc7
35. Rb2 Ne5 36. Nxe5 Qxe5 37. Qxe5 fxe5 38. Kg1 Ref7 39. Nh2 Kg7 40. Nf3 Rxf3
41. gxf3 Rxf3 42. Rd2 Rg3+ 43. Kh2 Rxh3+ 44. Kg2 Rh4 45. a3 Rf4 46. Rb1 g5 47.
b4 cxb4 48. axb4 axb4 49. Rxb4 Kf6 50. Rb6 Bd7 51. Rb7 Ke6 52. Ra2 h5 53. Raa7
Rf7 54. Rb8 h4 55. Rg8 Kf6 56. Ra2 g4 57. Rf2+ Ke7 58. Rxf7+ Kxf7 59. Rh8 h3+
60. Kg3 Be6 61. Rh7+ Ke8 62. Rh5 Ke7 63. Rxe5 Kd6 64. Ra5 c5 65. Ra6+ Kd7 66.
Rb6 1-0

[Event "Sparkassen-Open A"]
[Site "Heusenstamm, Martinsee"]
[Date "2016.11.27"]
[Round "7.16"]
[White "Everett, Elijah"]
[Black "Solonar, Stefan"]
[Result "1/2-1/2"]
[WhiteElo "2083"]
[BlackElo "2325"]
[PlyCount "79"]
[EventDate "2016.??.??"]
[WhiteTeam "SF Schöneck"]
[BlackTeam "SC Heusenstamm"]

1. e4 c5 2. Nf3 Nc6 3. d4 cxd4 4. Nxd4 e5 5. Nb5 d6 6. N1c3 a6 7. Na3 b5 8. Nd5
Nf6 9. Bg5 Be7 10. Bxf6 Bxf6 11. c3 Bb7 12. Nc2 Bg5 13. a4 bxa4 14. Rxa4 O-O
15. Bc4 Nb8 16. O-O Nd7 17. Ra2 Nc5 18. Qe2 a5 19. b4 axb4 20. Rxa8 Bxa8 21.
cxb4 Ne6 22. g3 Kh8 23. b5 g6 24. Ra1 Bb7 25. f3 f5 26. Kg2 Qc8 27. Nb6 Qc7 28.
Bxe6 fxe4 29. fxe4 Qxb6 30. h4 Bd8 31. Rf1 Rxf1 32. Kxf1 Kg7 33. Nb4 Qc5 34.
Nc6 Bxc6 35. bxc6 Qxc6 36. Qf3 Qb7 37. Bd5 Qa7 38. Kg2 h5 39. Qb3 Bb6 40. Qa2
1/2-1/2

[Event "Sparkassen-Open A"]
[Site "Heusenstamm, Martinsee"]
[Date "2016.11.27"]
[Round "7.17"]
[White "Boe, Mads"]
[Black "Eichner, Christian"]
[Result "1-0"]
[WhiteElo "2312"]
[BlackElo "2067"]
[PlyCount "111"]
[EventDate "2016.??.??"]
[WhiteTeam "SG Turm Kiel"]
[BlackTeam "SV TuR Dresden"]

1. e4 e5 2. Nc3 Nf6 3. Bc4 Nxe4 4. Qh5 Nd6 5. Qxe5+ Qe7 6. Qxe7+ Bxe7 7. Bb3
O-O 8. Nf3 Nf5 9. O-O Nc6 10. Nd5 Bd8 11. c3 d6 12. d4 Be6 13. Nf4 Bxb3 14.
axb3 Nh4 15. Ne1 Ng6 16. Nxg6 fxg6 17. b4 Rf5 18. Nd3 Be7 19. g4 Rf3 20. Be3 h5
21. Ne1 Rf7 22. b5 Nb8 23. h3 Nd7 24. Nd3 Kh7 25. c4 d5 26. c5 hxg4 27. hxg4 g5
28. c6 bxc6 29. bxc6 Nb6 30. Kg2 Bf6 31. Ra5 Re7 32. b3 Re4 33. Kg3 Kg6 34. Nc5
Rxd4 35. Bxd4 Bxd4 36. Rd1 Be5+ 37. Kg2 Rf8 38. Nd7 Nxd7 39. cxd7 Rd8 40. Rdxd5
Bd6 41. Rxg5+ Kh6 42. Rgd5 Rxd7 43. Rxa7 Rd8 44. b4 Rf8 45. b5 Rf4 46. f3 Rb4
47. Ra6 Kh7 48. b6 Rb2+ 49. Kf1 Rc2 50. Ra7 Bf4 51. Rf5 Be3 52. Rxc7 Rf2+ 53.
Ke1 Bxb6 54. Rb7 Bd4 55. Rd7 Be3 56. Rff7 1-0

[Event "Sparkassen-Open A"]
[Site "Heusenstamm, Martinsee"]
[Date "2016.11.27"]
[Round "7.18"]
[White "Von Auer, Ulrich"]
[Black "Klundt, Klaus"]
[Result "0-1"]
[WhiteElo "2077"]
[BlackElo "2300"]
[PlyCount "62"]
[EventDate "2016.??.??"]
[WhiteTeam "SF Frankfurt"]
[BlackTeam "SC Heusenstamm"]

1. d4 d5 2. Nf3 Nf6 3. e3 e6 4. Bd3 c5 5. b3 Nc6 6. O-O Bd6 7. dxc5 Bxc5 8. Bb2
O-O 9. Nbd2 b6 10. c4 Bb7 11. Rc1 d4 12. exd4 Nxd4 13. Nxd4 Bxd4 14. Ba3 Re8
15. Nf3 e5 16. Nxd4 Qxd4 17. Qe2 Qh4 18. Qe3 Nh5 19. Rfe1 Rad8 20. Rcd1 Nf4 21.
Bf1 Rxd1 22. Rxd1 Bxg2 23. Bxg2 Nxg2 24. Qg3 Qh5 25. Rd5 Nh4 26. Rd7 Qf5 27.
Rd1 Nf3+ 28. Kg2 Nd4 29. Rd2 h5 30. Bb2 Re6 31. Kf1 Qb1+ 0-1

[Event "Sparkassen-Open A"]
[Site "Heusenstamm, Martinsee"]
[Date "2016.11.27"]
[Round "7.19"]
[White "Calvi, Stefan"]
[Black "Zieher, Hartmut"]
[Result "1/2-1/2"]
[WhiteElo "2021"]
[BlackElo "2285"]
[PlyCount "120"]
[EventDate "2016.??.??"]
[WhiteTeam "SF Frankfurt"]
[BlackTeam "Hamburger SK"]

1. e4 e5 2. Nf3 Nc6 3. d4 exd4 4. Nxd4 Nf6 5. Nc3 Bb4 6. Nxc6 bxc6 7. Bd3 d5 8.
exd5 cxd5 9. O-O O-O 10. h3 c6 11. Qf3 Bd6 12. Bf4 Rb8 13. b3 Rb4 14. Bxd6 Qxd6
15. Ne2 c5 16. c3 Rb6 17. Rad1 Bb7 18. Qg3 Qc6 19. Nf4 Rd8 20. Rfe1 a5 21. Re5
g6 22. h4 Qd6 23. Re2 Re8 24. Rxe8+ Nxe8 25. h5 Ng7 26. hxg6 hxg6 27. Bc4 d4
28. cxd4 Nf5 29. Qg5 cxd4 30. Re1 Qf6 31. Re8+ Kh7 32. Qxf6 Rxf6 33. Nd3 Nd6
34. Re7 Kg7 35. Kf1 Kf8 36. Rc7 Be4 37. Nc5 Bf5 38. Nd7+ Bxd7 39. Rxd7 a4 40.
f3 axb3 41. axb3 Ke8 42. Rc7 Kd8 43. Ra7 g5 44. Ke2 g4 45. fxg4 Rf4 46. Kd3
Rxg4 47. Bd5 f6 48. Bc6 Nf5 49. b4 Rg3+ 50. Ke4 Ne3 51. Kf4 Rg4+ 52. Kf3 Rxg2
53. Rd7+ Kc8 54. Rxd4 Kc7 55. b5 Rg3+ 56. Kf2 Rh3 57. Rf4 f5 58. Bf3 Ng4+ 59.
Ke2 Ne5 60. Rxf5 Nxf3 1/2-1/2

[Event "Sparkassen-Open A"]
[Site "Heusenstamm, Martinsee"]
[Date "2016.11.27"]
[Round "7.20"]
[White "Henrich, Thomas"]
[Black "Feicht, Arno"]
[Result "0-1"]
[WhiteElo "2221"]
[BlackElo "1957"]
[PlyCount "146"]
[EventDate "2016.??.??"]
[WhiteTeam "SK Marburg"]
[BlackTeam "SV Alsfeld"]

1. e4 c5 2. Nf3 Nc6 3. Bb5 Nf6 4. e5 Nd5 5. Nc3 Nc7 6. Bxc6 dxc6 7. h3 g6 8.
O-O Bg7 9. Ne4 Ne6 10. Re1 O-O 11. d3 b6 12. a3 Nd4 13. Bf4 Ne6 14. Bg3 h6 15.
Qd2 Kh7 16. Qc3 Bb7 17. b4 Nd4 18. bxc5 Nxf3+ 19. gxf3 Qd7 20. Kg2 Bc8 21. Rh1
f5 22. exf6 exf6 23. Nd6 bxc5 24. Nxc8 Raxc8 25. Qxc5 f5 26. Be5 Bxe5 27. Qxe5
Rce8 28. Qc5 f4 29. Rae1 Rf5 30. Qc4 Rg5+ 31. Kf1 Rg1+ 32. Kxg1 Rxe1+ 33. Kg2
Rxh1 34. Kxh1 Qxh3+ 35. Kg1 Qxf3 36. Qf7+ Kh8 37. Qxg6 h5 38. Qe8+ Kg7 39. Qe5+
Kf7 40. Qf5+ Kg7 41. Qd7+ Kf6 42. Qd4+ Kf5 43. Kh2 a6 44. a4 Qd5 45. Qg7 Qf3
46. Qg2 Qe2 47. f3 Qd1 48. Qf2 Ke6 49. Kg2 a5 50. Kh2 Kd5 51. c4+ Ke6 52. d4
Qxa4 53. Qe2+ Kd7 54. Qd3 Qb4 55. Qf5+ Kc7 56. Qe5+ Kb7 57. c5 Qd2+ 58. Kh3 Qe3
59. Qxh5 Qxd4 60. Qf7+ Ka6 61. Qf8 Kb5 62. Qb8+ Kxc5 63. Qa7+ Kc4 64. Qxa5 c5
65. Kg4 Kb3 66. Qb5+ Kc3 67. Qb1 Qe3 68. Qa1+ Kb4 69. Qb2+ Qb3 70. Qd2+ Qc3 71.
Qxf4+ Qc4 72. Qe4 Kb3 73. Kg5 Qxe4 0-1

[Event "Sparkassen-Open A"]
[Site "Heusenstamm, Martinsee"]
[Date "2016.11.27"]
[Round "7.21"]
[White "Köllner, Ruben Gideon"]
[Black "Dunsbach, Ralf"]
[Result "1/2-1/2"]
[WhiteElo "1979"]
[BlackElo "2180"]
[PlyCount "43"]
[EventDate "2016.??.??"]
[WhiteTeam "SG Bochum"]
[BlackTeam "SK Bad Homburg"]

1. d4 Nf6 2. Nf3 g6 3. Nbd2 d5 4. e3 Bg7 5. b4 O-O 6. c4 dxc4 7. Bxc4 Nfd7 8.
Bb2 Nb6 9. Be2 Bd7 10. a4 Qe8 11. b5 c6 12. a5 Nc8 13. bxc6 Nxc6 14. Qb3 Be6
15. Bc4 Bxc4 16. Nxc4 Nd6 17. Nxd6 exd6 18. d5 Ne5 19. Nxe5 Bxe5 20. Bxe5 Qxe5
21. O-O b6 22. axb6 1/2-1/2

[Event "Sparkassen-Open A"]
[Site "Heusenstamm, Martinsee"]
[Date "2016.11.27"]
[Round "7.22"]
[White "Rubina, Tatiana"]
[Black "Olsen, Filip Boe"]
[Result "0-1"]
[WhiteElo "1875"]
[BlackElo "2136"]
[PlyCount "80"]
[EventDate "2016.??.??"]
[WhiteTeam "SK Mannheim"]
[BlackTeam "SG Turm Kiel"]

1. e4 c6 2. d3 d5 3. Nd2 Nf6 4. Ngf3 Bg4 5. h3 Bh5 6. g4 Bg6 7. e5 Nfd7 8. h4
h5 9. g5 e6 10. d4 c5 11. c3 Nc6 12. a3 Rc8 13. b4 cxd4 14. cxd4 Qb6 15. Nb3
Nxb4 16. axb4 Bc2 17. Qe2 Bxb3 18. Bd2 g6 19. Qe3 Bc4 20. Qa3 a6 21. Rb1 Be7
22. Qa4 Qc6 23. Qd1 O-O 24. Be2 Qb5 25. Ng1 Qb6 26. Nf3 Qb5 27. Ng1 Nb8 28. f4
Nc6 29. f5 exf5 30. Bxh5 Bd3 31. e6 Nxd4 32. exf7+ Rxf7 33. Bxg6 Nc2+ 34. Kf2
Qb6+ 35. Kg3 Qxg6 36. h5 f4+ 37. Bxf4 Qe4 38. Qg4 Rc3 39. Nf3 Be2 40. Rhf1 Bd6
0-1

[Event "Sparkassen-Open A"]
[Site "Heusenstamm, Martinsee"]
[Date "2016.11.27"]
[Round "7.23"]
[White "Weil, Volker"]
[Black "Schlapp, Thomas"]
[Result "1/2-1/2"]
[WhiteElo "2071"]
[BlackElo "2261"]
[PlyCount "113"]
[EventDate "2016.??.??"]
[WhiteTeam "SC Steinbach"]
[BlackTeam "SG Kaiserslautern"]

1. d4 Nf6 2. Nf3 e6 3. g3 b6 4. Bg2 Bb7 5. O-O Be7 6. c4 d5 7. Nc3 c6 8. Ne5
O-O 9. b3 Nbd7 10. cxd5 Nxd5 11. Bb2 Nxc3 12. Bxc3 Nxe5 13. dxe5 Qc7 14. Qc2 c5
15. Be4 g6 16. f4 Rac8 17. Rac1 b5 18. Be1 Qb6 19. Bf2 Qa6 20. a4 bxa4 21. bxa4
Bxe4 22. Qxe4 c4 23. Rc2 Rc7 24. Ra1 Rfc8 25. h4 h5 26. Kg2 c3 27. Be1 Rc4 28.
Qf3 Rxa4 29. Rxa4 Qxa4 30. Rxc3 Rxc3 31. Bxc3 Qc4 32. Kh3 a6 33. g4 hxg4+ 34.
Kxg4 Kh7 35. h5 g5 36. Qd3+ Qxd3 37. exd3 gxf4 38. Kxf4 Bd8 39. d4 Kh6 40. d5
Kxh5 41. d6 Kg6 42. Ke4 Kg7 43. Kd3 Kf8 44. Bd4 Ke8 45. Kc4 Kd7 46. Kc5 Ba5 47.
Bb2 Be1 48. Kb6 a5 49. Kb5 Bd2 50. Bd4 Be1 51. Bb2 Bb4 52. Bd4 f5 53. exf6 Kxd6
54. Kc4 Kc6 55. f7 Bf8 56. Bc3 Kd6 57. Bxa5 1/2-1/2

[Event "Sparkassen-Open A"]
[Site "Heusenstamm, Martinsee"]
[Date "2016.11.27"]
[Round "7.25"]
[White "Rondonuwu, Grover"]
[Black "Prill, Daniel"]
[Result "0-1"]
[WhiteElo "2066"]
[BlackElo "2198"]
[PlyCount "76"]
[EventDate "2016.??.??"]
[WhiteTeam "Frankfurter TV"]
[BlackTeam "SC Heitersheim"]

1. d4 d5 2. Nf3 Nf6 3. e3 c6 4. c4 a6 5. Nbd2 Bf5 6. Ne5 e6 7. Be2 Nbd7 8. Nxd7
Nxd7 9. O-O Bd6 10. Nf3 Qe7 11. Bd2 Be4 12. Bc3 O-O 13. Nd2 Bg6 14. f4 b5 15.
c5 Bc7 16. a4 f6 17. Qb3 e5 18. Bg4 exf4 19. exf4 f5 20. Rae1 Qf7 21. Bf3 Nf6
22. axb5 axb5 23. g3 Rfe8 24. Qd1 h5 25. Rxe8+ Rxe8 26. Re1 h4 27. Nf1 Ne4 28.
Bxe4 fxe4 29. Qd2 Bh5 30. Ra1 Qg6 31. Qf2 Bf3 32. Bd2 Rf8 33. Be3 Bxf4 34. Bxf4
Rxf4 35. Ra6 Rf6 36. Nd2 Qg4 37. Ra8+ Kh7 38. Ra7 Be2 0-1

[Event "Sparkassen-Open A"]
[Site "Heusenstamm, Martinsee"]
[Date "2016.11.27"]
[Round "7.26"]
[White "Waffenschmidt, Joachim"]
[Black "Chan, Kim Yew"]
[Result "0-1"]
[WhiteElo "2039"]
[BlackElo "2169"]
[PlyCount "126"]
[EventDate "2016.??.??"]
[WhiteTeam "SC Brett vorm Kopp"]
[BlackTeam "Subang Jaya Chess Club"]

1. d4 Nf6 2. c4 e6 3. g3 d5 4. Bg2 Bb4+ 5. Bd2 Be7 6. Nf3 O-O 7. O-O c6 8. Qc2
Nbd7 9. b3 b6 10. Rd1 Bb7 11. Nc3 Rc8 12. e4 dxe4 13. Nxe4 Nxe4 14. Qxe4 Nf6
15. Qe2 Qc7 16. Bf4 Bd6 17. Ne5 Qe7 18. Bg5 c5 19. Bxb7 Qxb7 20. Bxf6 gxf6 21.
Ng4 Be7 22. d5 f5 23. dxe6 fxg4 24. Qxg4+ Kh8 25. Rd7 Rc7 26. Rad1 fxe6 27.
Rxc7 Qxc7 28. Qxe6 Bf6 29. Rd7 Qe5 30. Qxe5 Bxe5 31. f4 Bd4+ 32. Kg2 a5 33. Rb7
Re8 34. a4 Re3 35. Rxb6 Bc3 36. Kh3 Bb4 37. Kg4 Rxb3 38. Kg5 Re3 39. f5 Kg8 40.
Rb7 Bd2 41. Kh5 Rf3 42. Kg4 Rc3 43. f6 Rxc4+ 44. Kf5 Bh6 45. Rb5 Rxa4 46. Rxc5
Bf8 47. Rb5 Ra1 48. h4 a4 49. Ra5 a3 50. g4 a2 51. Kg5 Kf7 52. Ra7+ Ke6 53.
Ra6+ Kd5 54. h5 Kc4 55. Ra8 Bb4 56. f7 Bd2+ 57. Kf6 Bh6 58. g5 Bf8 59. g6 hxg6
60. Kxg6 Rg1+ 61. Kh7 a1=Q 62. Rxa1 Rxa1 63. Kg8 Ra8 0-1

[Event "Sparkassen-Open A"]
[Site "Heusenstamm, Martinsee"]
[Date "2016.11.27"]
[Round "7.27"]
[White "Wolf, Ulrich Martin"]
[Black "Bordin, Igor"]
[Result "1-0"]
[WhiteElo "2161"]
[BlackElo "2063"]
[PlyCount "47"]
[EventDate "2016.??.??"]
[WhiteTeam "SC Hansa Dortmund"]
[BlackTeam "SC Fehrbach"]

1. Nf3 Nf6 2. d4 e6 3. c4 Bb4+ 4. Bd2 Be7 5. Qc2 d5 6. Nc3 O-O 7. e4 dxe4 8.
Nxe4 Nbd7 9. Bd3 Nxe4 10. Bxe4 Nf6 11. Bd3 b6 12. O-O-O Bb7 13. Bc3 Qd6 14. Ne5
Bxg2 15. Rhg1 Bb7 16. Rxg7+ Kxg7 17. Rg1+ Kh8 18. Qd2 Ne4 19. Qh6 Bg5+ 20. Rxg5
Nxg5 21. Qf6+ Kg8 22. Qxg5+ Kh8 23. Qf6+ Kg8 24. Ng4 1-0

[Event "Sparkassen-Open A"]
[Site "Heusenstamm, Martinsee"]
[Date "2016.11.27"]
[Round "7.28"]
[White "Erdmann, Stefan"]
[Black "Konik, Michael"]
[Result "1/2-1/2"]
[WhiteElo "2155"]
[BlackElo "2049"]
[PlyCount "33"]
[EventDate "2016.??.??"]
[WhiteTeam "SC Bad Soden"]
[BlackTeam "SK Mainaschaff"]

1. d4 d5 2. c4 e6 3. Nf3 Nf6 4. g3 c6 5. Qc2 Nbd7 6. Bg2 Be7 7. O-O O-O 8. Nbd2
b6 9. e4 dxc4 10. Nxc4 Ba6 11. Re1 Rc8 12. Qa4 Bb5 13. Qb3 a5 14. a4 Ba6 15.
Bg5 h6 16. Bxf6 Nxf6 17. Ne3 1/2-1/2

[Event "Sparkassen-Open A"]
[Site "Heusenstamm, Martinsee"]
[Date "2016.11.27"]
[Round "7.29"]
[White "Kiselev, Alexander S"]
[Black "Prill, Gerhard"]
[Result "1-0"]
[WhiteElo "2149"]
[BlackElo "2018"]
[PlyCount "67"]
[EventDate "2016.??.??"]
[WhiteTeam "vereinslos"]
[BlackTeam "SC Heitersheim"]

1. e4 e5 2. Nf3 Nc6 3. d4 exd4 4. Nxd4 Nf6 5. Nxc6 bxc6 6. e5 Qe7 7. Qe2 Nd5 8.
c4 Nb6 9. Nc3 g6 10. f4 Bg7 11. Qe4 Bb7 12. Bd3 d5 13. Qe2 O-O 14. O-O Rad8 15.
Qf2 d4 16. Ne4 c5 17. b3 Bxe4 18. Bxe4 f6 19. exf6 Bxf6 20. Bd3 Rde8 21. Bd2
Qd6 22. Rad1 Nd7 23. h4 Bg7 24. Qf3 Nf6 25. Rfe1 c6 26. g3 Nd7 27. Rxe8 Rxe8
28. h5 gxh5 29. Bxh7+ Kh8 30. Kg2 Qh6 31. Bd3 Kg8 32. Rh1 Ne5 33. Qe2 Qf6 34.
Rxh5 1-0

[Event "Sparkassen-Open A"]
[Site "Heusenstamm, Martinsee"]
[Date "2016.11.27"]
[Round "7.30"]
[White "Vangsgaard, Bjarke"]
[Black "Hahn, Florian"]
[Result "0-1"]
[WhiteElo "2022"]
[BlackElo "2139"]
[PlyCount "86"]
[EventDate "2016.??.??"]
[WhiteTeam "Vejlby-Risskov"]
[BlackTeam "SC Herborn"]

1. d4 Nf6 2. Nf3 g6 3. Bf4 Bg7 4. e3 O-O 5. Be2 d6 6. h3 c5 7. c3 b6 8. O-O Bb7
9. Nbd2 Nbd7 10. a4 a6 11. Qb3 Ra7 12. Rfd1 Qa8 13. Bg3 Ne4 14. Nxe4 Bxe4 15.
Bh4 Bf6 16. Bxf6 Nxf6 17. Rd2 Rb8 18. Ng5 Bd5 19. Bc4 Bxc4 20. Qxc4 Rf8 21. d5
Rb8 22. Qa2 Qb7 23. c4 Qd7 24. b3 Rab7 25. Qc2 b5 26. axb5 axb5 27. Ne4 Qf5 28.
Nc3 Qxc2 29. Rxc2 bxc4 30. bxc4 Rb4 31. Nb5 Nxd5 32. Ra7 Kf8 33. Kh2 Nb6 34.
Nc7 Rc8 35. Na6 Rxc4 36. Rb2 Nd5 37. Rbb7 Re4 38. Nb8 Nf6 39. Kg3 c4 40. Kf3
Re5 41. Ke2 c3 42. Na6 c2 43. Rc7 c1=Q 0-1

[Event "Sparkassen-Open A"]
[Site "Heusenstamm, Martinsee"]
[Date "2016.11.27"]
[Round "7.31"]
[White "Köllner, Christof"]
[Black "Küpper, Martin"]
[Result "1-0"]
[WhiteElo "2138"]
[BlackElo "2019"]
[PlyCount "97"]
[EventDate "2016.??.??"]
[WhiteTeam "SV Bergneustadt/Derschlag"]
[BlackTeam "SC Fulda"]

1. d4 Nf6 2. Nf3 g6 3. Nbd2 d5 4. e3 Bg7 5. b4 b6 6. Bb2 c5 7. bxc5 bxc5 8. c4
O-O 9. dxc5 Qa5 10. cxd5 Qxc5 11. Rc1 Qxd5 12. Bc4 Qa5 13. Bc3 Qh5 14. Qb3 Nc6
15. Bxf6 Bxf6 16. Bxf7+ Rxf7 17. Rxc6 Kg7 18. O-O e5 19. Rfc1 Bg4 20. Rc7 Raf8
21. e4 Bd8 22. Rxf7+ Rxf7 23. h3 Bd7 24. Rc5 Bb6 25. Rxe5 Qh6 26. Qc3 Kg8 27.
Nf1 Qf8 28. N1h2 Qd6 29. Rd5 Qg3 30. Ng4 Bxg4 31. Rd8+ Rf8 32. Rxf8+ Kxf8 33.
Qb4+ Ke8 34. Qxb6 axb6 35. fxg3 Be6 36. a3 Bc4 37. g4 Kd7 38. Kf2 Kd6 39. Nd2
Bb5 40. Ke3 Ke5 41. h4 Ba6 42. Nf3+ Kf6 43. Kd4 Bf1 44. g3 Be2 45. g5+ Ke6 46.
Ne5 b5 47. Nc6 Bf3 48. Ke3 Bd1 49. Nd4+ 1-0

[Event "Sparkassen-Open A"]
[Site "Heusenstamm, Martinsee"]
[Date "2016.11.27"]
[Round "7.32"]
[White "Schröder, Jürgen"]
[Black "Stork, Oliver"]
[Result "1-0"]
[WhiteElo "2108"]
[BlackElo "2017"]
[PlyCount "105"]
[EventDate "2016.??.??"]
[WhiteTeam "SC Matt im Park"]
[BlackTeam "SV Oberursel"]

1. e4 c6 2. d3 d5 3. Nd2 e5 4. Ngf3 Nd7 5. g3 Ngf6 6. Bg2 Bd6 7. O-O O-O 8. d4
dxe4 9. Nxe5 Nxe5 10. dxe5 Bxe5 11. Nxe4 Bf5 12. Nxf6+ Bxf6 13. c3 Qb6 14. Qb3
Be6 15. Qc2 Rfd8 16. Be3 Qb5 17. Rfe1 g6 18. a4 Qc4 19. a5 Bd5 20. Ra4 Qb3 21.
Qxb3 Bxb3 22. Rb4 Bd5 23. Rxb7 a6 24. Bb6 Rdb8 25. Rxb8+ Rxb8 26. Bxd5 cxd5 27.
Rd1 Bd8 28. Rxd5 Bxb6 29. axb6 Rxb6 30. b4 Rc6 31. Rd3 h5 32. h4 Kg7 33. Kf1 a5
34. bxa5 Ra6 35. Rd5 Rc6 36. Rd4 Rxc3 37. Ra4 Rc7 38. a6 Ra7 39. Ke2 Kf6 40.
Kd3 Ke5 41. Kc4 Ke4 42. Kb5+ Kf3 43. Rf4+ Kg2 44. Kb6 Re7 45. Rf6 Re2 46. a7
Rb2+ 47. Kc7 Ra2 48. Kb7 Rb2+ 49. Rb6 Ra2 50. Ra6 Rxa6 51. Kxa6 Kxf2 52. a8=Q
Kxg3 53. Qd8 1-0

[Event "Sparkassen-Open A"]
[Site "Heusenstamm, Martinsee"]
[Date "2016.11.27"]
[Round "7.33"]
[White "Zweschper, Erich"]
[Black "Bethke, Richard"]
[Result "1/2-1/2"]
[WhiteElo "2036"]
[BlackElo "2104"]
[PlyCount "41"]
[EventDate "2016.??.??"]
[WhiteTeam "SVG Eppstein"]
[BlackTeam "SC Gelnhausen"]

1. d4 d5 2. Nf3 Nf6 3. c4 e6 4. Nc3 Be7 5. Bg5 O-O 6. e3 h6 7. Bh4 b6 8. Bd3
Bb7 9. O-O Nbd7 10. Rc1 c5 11. Qe2 Ne4 12. Bxe7 Nxc3 13. Rxc3 Qxe7 14. e4 cxd4
15. Nxd4 dxc4 16. Bxc4 Nc5 17. e5 Rfd8 18. Nf3 Rac8 19. Rfc1 a6 20. Qe3 Rc7 21.
Be2 1/2-1/2

[Event "Sparkassen-Open A"]
[Site "Heusenstamm, Martinsee"]
[Date "2016.11.27"]
[Round "7.34"]
[White "Budde, Michael"]
[Black "Khudovekov, Stanislav"]
[Result "0-1"]
[WhiteElo "1954"]
[BlackElo "2104"]
[PlyCount "92"]
[EventDate "2016.??.??"]
[WhiteTeam "SC Flörsheim"]
[BlackTeam "SK Smolensk"]

1. d4 g6 2. Bf4 Bg7 3. Nf3 d6 4. e3 f5 5. Nbd2 Nf6 6. Bc4 e6 7. c3 Qe7 8. b4
O-O 9. O-O h6 10. h4 Kh7 11. Re1 Nh5 12. Bh2 e5 13. dxe5 dxe5 14. Qc2 c6 15. a4
Nd7 16. a5 e4 17. Nd4 Ne5 18. Be2 Qxh4 19. Nf1 Ng4 20. Bxg4 Qxg4 21. a6 bxa6
22. Nxc6 Bb7 23. Ne5 Qg5 24. Red1 f4 25. Nd7 Rf7 26. Ra5 Rf5 27. Nc5 Bc6 28.
Rd6 Bb5 29. Nxe4 Qe7 30. c4 Rc8 31. c5 Bxf1 32. Kxf1 fxe3 33. Raxa6 Rcf8 34. f3
Qh4 35. Rxg6 Qxh2 36. Rxg7+ Nxg7 37. Nd6 Qh1+ 38. Ke2 Qxg2+ 39. Kd3 Rd5+ 40.
Kc3+ Qxc2+ 41. Kxc2 e2 42. Ra1 Rb8 43. Ne4 Rd1 44. Rxd1 exd1=Q+ 45. Kxd1 Rxb4
46. Kc2 Ne6 0-1